[Event "BCF-chT2a 1920 (4NCL)"]
[Site "Daventry"]
[Date "2020.01.12"]
[Round "4.36"]
[White "Bellin, Jana"]
[Black "Lewyk, Ihor"]
[Result "1/2-1/2"]
[WhiteElo "2027"]
[BlackElo "2029"]
[PlyCount "46"]
[EventDate "2020.01.11"]
[EventType "team-tourn"]
[EventRounds "11"]
[EventCountry "ENG"]
[SourceTitle "CBM 194 Extra"]
[Source "ChessBase"]
[SourceDate "2020.03.31"]
[SourceVersion "1"]
[SourceVersionDate "2020.03.31"]
[SourceQuality "1"]
[WhiteTeam "The ADS"]
[BlackTeam "Chessable White Rose II"]
[WhiteTeamCountry "ENG"]
[BlackTeamCountry "ENG"]

1. d4 Nf6 2. Nf3 d5 3. c4 c6 4. e3 e6 5. Nbd2 Be7 6. Bd3 Nbd7 7. e4 dxe4 8. Nxe4 Nxe4 9. Bxe4 Nf6 10. Bc2 0-0 11. 0-0 b6 12. Bg5 Bb7 13. Qd3 g6 14. Rad1 c5 15. dxc5 Qxd3 16. Rxd3 bxc5 17. Rfd1 Be4 18. R3d2 Bxf3 19. gxf3 Rfd8 20. Be3 Rxd2 21. Rxd2 Rb8 22. b3 Rb7 23. Be4 Rd7 1/2-1/2

[Event "BCF-chT2a 1920 (4NCL)"]
[Site "Daventry"]
[Date "2020.01.11"]
[Round "3.16"]
[White "Lewyk, Ihor"]
[Black "Zeidler, Sven P"]
[Result "1/2-1/2"]
[WhiteElo "2029"]
[BlackElo "2185"]
[PlyCount "67"]
[EventDate "2020.01.11"]
[EventType "team-tourn"]
[EventRounds "11"]
[EventCountry "ENG"]
[SourceTitle "CBM 194 Extra"]
[Source "ChessBase"]
[SourceDate "2020.03.31"]
[SourceVersion "1"]
[SourceVersionDate "2020.03.31"]
[SourceQuality "1"]
[WhiteTeam "Chessable White Rose II"]
[BlackTeam "West is Best"]
[WhiteTeamCountry "ENG"]
[BlackTeamCountry "ENG"]

1. Nf3 f5 2. e4 fxe4 3. Ng5 e5 4. d3 e3 5. Bxe3 Nc6 6. Be2 Nf6 7. 0-0 d5 8. f4 exf4 9. Bxf4 Bc5+ 10. Kh1 0-0 11. c3 h6 12. Nf3 Ng4 13. Nd4 Nxd4 14. cxd4 Bd6 15. Bxg4 Rxf4 16. Rxf4 Bxf4 17. Bxc8 Rxc8 18. Nd2 c6 19. Nf3 Qe7 20. Qe1 Re8 21. Qxe7 Rxe7 22. Re1 Re3 23. Rxe3 Bxe3 24. g4 Kf7 25. Kg2 Ke6 26. Kf1 Kd6 27. Ke2 Bc1 28. b3 c5 29. dxc5+ Kxc5 30. Kd1 Bb2 31. Kc2 Bf6 32. a3 a5 33. Kb1 Kb5 34. Kc2 1/2-1/2

[Event "BCF-chT3N 1819 (4NCL)"]
[Site "England"]
[Date "2018.11.11"]
[Round "2.54"]
[White "Winter, Kevin"]
[Black "Lewyk, Ihor"]
[Result "0-1"]
[WhiteElo "1748"]
[BlackElo "2072"]
[PlyCount "128"]
[EventDate "2018.11.10"]
[EventType "team-swiss"]
[EventRounds "11"]
[EventCountry "ENG"]
[SourceTitle "EXT 2021"]
[Source "ChessBase"]
[SourceDate "2020.10.23"]
[SourceVersion "1"]
[SourceVersionDate "2020.10.23"]
[SourceQuality "1"]
[WhiteTeam "Bradford DCA Knights III"]
[BlackTeam "White Rose II"]
[WhiteTeamCountry "ENG"]
[BlackTeamCountry "ENG"]

1. e4 d5 2. exd5 Nf6 3. d4 Bg4 4. Nf3 Qxd5 5. Be2 e6 6. 0-0 Be7 7. h3 Bh5 8. c4 Qd8 9. Nc3 0-0 10. Be3 c6 11. Qb3 Qc7 12. Rac1 Nbd7 13. Rfd1 Rfd8 14. c5 Nd5 15. Nxd5 exd5 16. Qc2 Bg6 17. Qd2 Nf6 18. Bf4 Qc8 19. Ne5 Re8 20. f3 Nh5 21. Nxg6 hxg6 22. Bh2 Bh4 23. Bd3 Qe6 24. Be5 Qe7 25. g4 Nf6 26. Kg2 Nh7 27. Bg3 Bxg3 28. Kxg3 Qf6 29. Qf4 Re7 30. Qxf6 gxf6 31. Re1 Rae8 32. Rxe7 Rxe7 33. Kf2 Ng5 34. Bf1 Ne6 35. Rd1 b6 36. b4 bxc5 37. bxc5 Rb7 38. Rd2 Rb4 39. Ke3 g5 40. a3 Rb3+ 41. Rd3 Rb1 42. Kf2 Rb2+ 43. Ke3 Kf8 44. Rc3 Ke7 45. Ba6 Nf4 46. Bf1 a5 47. a4 Rb4 48. h4 Rb1 49. hxg5 fxg5 50. Ba6 Rb4 51. Rc2 Rxa4 52. Rb2 Rb4 53. Ra2 a4 54. Bc8 Rb3+ 55. Kf2 a3 56. Kg3 Rb2 57. Rxb2 axb2 58. Bf5 Ne2+ 59. Kf2 Nxd4 60. Bb1 Nb3 61. Ke3 Nxc5 62. Kd4 Kd6 63. Kc3 Ke5 64. Kb4 Ne6 0-1

[Event "BCF-chT2b 1617 (4NCL)"]
[Site "England"]
[Date "2016.11.19"]
[Round "1.66"]
[White "Karayiannis, Costas"]
[Black "Lewyk, Ihor"]
[Result "1-0"]
[WhiteElo "2145"]
[BlackElo "2033"]
[PlyCount "113"]
[EventDate "2016.11.19"]
[EventType "team-tourn"]
[EventRounds "11"]
[EventCountry "ENG"]
[SourceTitle "EXT 2019"]
[Source "ChessBase"]
[SourceDate "2018.10.10"]
[SourceVersion "1"]
[SourceVersionDate "2018.10.10"]
[SourceQuality "1"]
[WhiteTeam "Cambridge University"]
[BlackTeam "White Rose II"]
[WhiteTeamCountry "ENG"]
[BlackTeamCountry "ENG"]

1. d4 c5 2. d5 e5 3. c4 d6 4. Nc3 Be7 5. e4 Nf6 6. Bd3 0-0 7. h3 Nbd7 8. Nf3 Ne8 9. g4 g6 10. Bh6 Ng7 11. Qd2 a6 12. a4 Nf6 13. Ke2 Bd7 14. Nh2 Kh8 15. Rag1 Ng8 16. Nf3 f6 17. Bxg7+ Kxg7 18. Rg3 b5 19. cxb5 axb5 20. Bxb5 Bxb5+ 21. axb5 Qa5 22. h4 Qb4 23. h5 g5 24. Rb1 Ra5 25. Ne1 Rfa8 26. Nc2 Qb3 27. Ne3 Nh6 28. Qd3 Ra1 29. Rgg1 Rxb1 30. Rxb1 Nf7 31. Qc4 Qb4 32. Kd3 Nd8 33. Nc2 Qxc4+ 34. Kxc4 Nb7 35. Ne3 Bd8 36. Kd3 Kf7 37. Nc4 Ke7 38. b3 Ra7 39. Rb2 Ra1 40. Ra2 Rxa2 41. Nxa2 Kd7 42. f3 Ba5 43. Kc2 Kc7 44. Nc1 Kd7 45. Nd3 Kc7 46. Kb2 Bb4 47. Nf2 Kd7 48. Nd1 Ke7 49. Nde3 Kd7 50. Nf5 Be1 51. Ka3 Ba5 52. Ka4 Bd8 53. b6 Be7 54. Kb5 Bf8 55. Ka6 Kc8 56. Ka7 h6 57. Ka8 1-0